Music Quiz

Random Music or Song Quiz
Score 0/84 Timer 06:00
0 Plays Today
word order song title % Correct
1Drive My Car
93.2%
2Drive My Car
93.2%
3Drive My Car
93.2%
1Across The Universe
92.4%
2Across The Universe
92.4%
3Across The Universe
92.4%
1All My Loving
90.7%
2All My Loving
90.7%
3All My Loving
90.7%
1Let It Be
89%
2Let It Be
89%
3Let It Be
89%
1Fixing A Hole
88.1%
1Magical Mystery Tour
88.1%
2Fixing A Hole
88.1%
2Magical Mystery Tour
88.1%
3Fixing A Hole
88.1%
3Magical Mystery Tour
88.1%
1Good Day Sunshine
87.3%
1Love Me Do
87.3%
2Good Day Sunshine
87.3%
2Love Me Do
87.3%
3Good Day Sunshine
87.3%
3Love Me Do
87.3%
1Maxwell's Silver Hammer
86.4%
2Maxwell's Silver Hammer
86.4%
3Maxwell's Silver Hammer
86.4%
1Blue Jay Way
85.6%
word order song title % Correct
2Blue Jay Way
85.6%
3Blue Jay Way
85.6%
1Please Please Me
84.7%
2Please Please Me
84.7%
3Please Please Me
84.7%
1Carry That Weight
83.9%
2Carry That Weight
83.9%
3Carry That Weight
83.9%
1I Feel Fine
83.1%
2I Feel Fine
83.1%
3I Feel Fine
83.1%
1Mean Mr. Mustard
80.5%
2Mean Mr. Mustard
80.5%
3Mean Mr. Mustard
80.5%
1Dig A Pony
79.7%
1Martha My Dear
79.7%
1She Loves You
79.7%
2Dig A Pony
79.7%
2Martha My Dear
79.7%
2She Loves You
79.7%
3Dig A Pony
79.7%
3Martha My Dear
79.7%
3She Loves You
79.7%
1In My Life
78.8%
2In My Life
78.8%
3In My Life
78.8%
1Mother Nature's Son
78%
1She's Leaving Home
78%
word order song title % Correct
1Ticket To Ride
78%
2Mother Nature's Son
78%
2She's Leaving Home
78%
2Ticket To Ride
78%
3Mother Nature's Son
78%
3She's Leaving Home
78%
3Ticket To Ride
78%
1All Together Now
77.1%
2All Together Now
77.1%
3All Together Now
77.1%
1I'm So Tired
73.7%
1When I'm Sixty-four
73.7%
2I'm So Tired
73.7%
2When I'm Sixty-four
73.7%
3I'm So Tired
73.7%
3When I'm Sixty-four
73.7%
1One After 909
70.3%
2One After 909
70.3%
3One After 909
70.3%
1Love You To
65.3%
2Love You To
65.3%
3Love You To
65.3%
1Two Of Us
64.4%
2Two Of Us
64.4%
3Two Of Us
64.4%
2The Inner Light
61.9%
3The Inner Light
61.9%
1The Inner Light
61.9%
Remove Ads.
Support Sporcle.
Get the best of Sporcle when you Go Orange. This ad-free experience offers more features, more stats, and more fun while also helping to support Sporcle. Thank you for becoming a member.

You're not logged in!

Compare scores with friends on all Sporcle quizzes.
OR
Log In

Sporcle TV

Today on Sporcle TV


Watch our educational content, quiz creation guides, and fun videos on Sporcle TV.

Show Comments

Extras

Top Quizzes Today


Score Distribution

Paid Content

Your Account Isn't Verified!

In order to create a playlist on Sporcle, you need to verify the email address you used during registration. Go to your Sporcle Settings to finish the process.

Report this User

Report this user for behavior that violates our Community Guidelines.

Details: